header

Basic economic principles (Record no. 12419)

MARC details
000 -LEADER
fixed length control field 01229nam a22003134a 4500
082 04 - DEWEY DECIMAL CLASSIFICATION NUMBER
Classification number 330
100 1# - MAIN ENTRY--AUTHOR NAME
Personal name O'Connor, David E.
245 10 - TITLE STATEMENT
Title Basic economic principles
260 ## - PUBLICATION, DISTRIBUTION, ETC. (IMPRINT)
Place of publication Westport, Conn. :
Name of publisher Greenwood Press,
Year of publication 2000.
300 ## - PHYSICAL DESCRIPTION
Number of Pages viii, 255 p.
650 #0 - SUBJECT ADDED ENTRY--TOPICAL TERM
Topical Term Economics.
700 1# - ADDED ENTRY--PERSONAL NAME
Personal name Faille, Christopher C.,
856 40 - ELECTRONIC LOCATION AND ACCESS
Uniform Resource Identifier http://site.ebrary.com/lib/rucke/Doc?id=10017997

No items available.

© 2026 Rongo University
Contact us: librarian | system librarian | Rongo university